000 00892cam a2200241 a 4500
001 12018577
005 20180306074128.0
008 000524s2001 njua b 001 0 eng
010 _a 00042653
020 _a080583589X (pbk. : alk. paper)
040 _aDLC
_cDLC
_dDLC
041 _aeng
043 _an-us---
080 _a371.102 BUR
082 0 0 _a371.102 BUR
_221
100 _a25
101 _aEDU
245 0 0 _aTeachers doing research :
_cedited by Gail Burnaford, Joseph Fischer, David Hobson.
504 _aIncludes bibliographical references and indexes.
906 _a7
_bcbc
_corignew
_d1
_eocip
_f20
_gy-gencatlg
942 _2ddc
_cBK
999 _c44185
_d44185